Napak tilas reformasi politik Indonesia talkshow Denny J.A. dalam dialog aktual Radio Delta FM
Saved in:
| Main Author: | |
|---|---|
| Format: | Book |
| Language: | Indonesian |
| Published: |
Yogyakarta, Indonesia
LKiS
2006
|
| Subjects: | |
| Tags: |
Add Tag
No Tags, Be the first to tag this record!
|
| Call Number : | DS 644.5 .D46 2006 |
MARC
| LEADER | 00000nam a2200000 a 4500 | ||
|---|---|---|---|
| 001 | 45494 | ||
| 003 | MY-KLNDU | ||
| 005 | 20241219004633.0 | ||
| 008 | 111221 2006 io b 000 0 ind d | ||
| 020 | |a 9789792552447 | ||
| 039 | 9 | |a 201207171447 |b azraai |c 201207171444 |d azraai |c 201207171444 |d azraai |y 201112211851 |z faizin | |
| 040 | |a UPNM | ||
| 090 | |a DS 644.5 |b .D46 2006 | ||
| 100 | 0 | |a Denny J.A. | |
| 245 | 1 | 0 | |a Napak tilas reformasi politik Indonesia |b talkshow Denny J.A. dalam dialog aktual Radio Delta FM |c Denny J.A. |
| 260 | |a Yogyakarta, Indonesia |b LKiS |c 2006 | ||
| 300 | |a xiv, 387 p. |c 21 cm. | ||
| 504 | |a Includes bibliographical references | ||
| 592 | |a 00003306 |b 5/7/12 |c RM76.00 |h PDW | ||
| 650 | 0 | |a Radio programs |x Political aspects |z Indonesia | |
| 650 | 0 | |a Radio talk shows |x Political aspects |z Indonesia | |
| 651 | 0 | |a Indonesia |x Politics and government |y 1998- | |
| 999 | |a vtls000046128 |c 45494 |d 45494 | ||


